Merdeka Book Of Records 1990 Berjaya

Bibliographic Details
Format: Book
Published: Kuala Lumpur : The New Straits Press(Malaysia) Bhd , 1990
Subjects:

MARC

LEADER 00000cam a2200000 7i4500
001 0000007656
005 20050503.0
040 |a INS 
090 0 0 |a HF3800.6.A48   |b M47 1990 
245 0 0 |a Merdeka Book Of Records 1990 Berjaya   |f Tuan Syed Hamid Alhabshi and 6 others 
260 |a Kuala Lumpur :   |b The New Straits Press(Malaysia) Bhd ,   |c 1990 
300 |a 225p :   |b 32 cm 
650 0 0 |a Independance day(Malaysia) 
999 |a 0000023529   |b BOOK   |c Open Shelf   |e Default branch